000 00489cam a2200181ua 4500
001 2743
008 110907n ii |||gr||||Z||||||asm
040 _cMAIN
082 _a891.4512
100 1 _aBardoloi, Nirmal prabha,
_eEditor.,
245 1 1 _aShishu geeti natya
_ced. by Nirmal prabha Bardoloi
250 _a1st.
260 _aGuahati:
_bSecretary publication board assam,981.
300 _a130p:
_c23cm.
653 _aAssamese drama
653 _aShishu geeti natya
942 _cBK
999 _c2592
_d2592